Französische Tier-Wörter - Statistiken

Allgemein
  • Dieses Quiz wurde 870 mal gespielt
  • Das Durchschnittsergebnis liegt bei 13 aus 20
Antwortstatistiken
Französisch Deutsch % Korrekt
chat Katze
100%
chien Hund
99%
cheval Pferd
91%
dauphin Delfin
90%
buffle Büffel
89%
vache Kuh
86%
oiseau Vogel
80%
tortue Schildkröte
74%
souris Maus
73%
cochon Schwein
69%
mouton Schaf
64%
moustique Mücke
61%
chèvre Ziege
54%
ours Bär
53%
araignée Spinne
48%
grenouille Frosch
39%
abeille Biene
38%
requin Hai
28%
agneau Lamm
22%
paon Pfau
18%
Keine übereinstimmenden Quizze gefunden
Verteilung der Resultate
Anzahl Personen mit jedem Resultat
Perzentil nach korrekt beantworteten Fragen
Ihre Resultats-Entwicklung
Sie haben dieses Quiz noch nicht gespielt